00784nam a2200229 a 4500001001000000003000900010005001700019007000300036008004100039020001800080040002500098082001200123110002800135240001800163245030500181260003500486300002100521650000300542650000300545651000300548651000300551000016051DO-SdBNP20220609083455.0ta100224s2018 dr 001 0 spa d a9789945606270 aDO-SdBNPbspacBNPHU bR426L, 1 aRepública Dominicana.10a[Leyes, etc.]10aLey 249-17 que modifica la Ley 19-00 del mercado de valores de la República Dominicana (droga y sustituye según el art.358) :b(también modifica la Lery 189-11 explícitamente 12 artículos e implícitamente más de 25, modifica 1 articulo de la Ley 183-02 y 2 artículos de la Ley 479-08) aSanto Domingo :bDalis,c2018. a207 p. ;c22 cm. 4 4 4 4